000 01016cad a22002055a 4500
001 E149596
008 100323e20100322xxk 000 0 eng d
035 _a(Sirsi) u149596
041 0 _aeng
110 2 _aHistoric Scotland
_92914
245 0 0 _aNew scheme to speed up listed building consent
_h[electronic resource]
260 _c2010
490 _aHistoric Scotland News Release
_v22 March 2010
520 _aFollowing a successful pilot (see E146035), Historic Scotland are to extend a scheme to speed up the system of listed building consent by allowing local authorities in Scotland to determine certain applications relating to category B buildings, without the input of Historic Scotland.
590 _aKA
651 4 _aScotland
_y1999-
690 _aBUILT ENVIRONMENT-BUILDING TYPES-ANCIENT MONUMENTS AND HISTORIC BUILDINGS
856 4 0 _uhttps://www.historic-scotland.gov.uk/index/news/news_article.htm?articleid=27207
_zView the news release free of charge at www.historic-scotland.gov.uk
942 _n0
999 _c82221
_d82221